Экономическая география и регионалистика: учебное пособие

Bibliografske podrobnosti
Glavni avtor: Желтиков В. П. Валентин Павлович
Izvleček:В соответствии с Государственным образовательным стандартом учебное пособие содержит краткую характеристику теоретических вопросов, методов анализа экономической географии, политической карты, географии населения, природных ресурсов и хозяйства мира, размещения производительных сил России, экономики ее районов. Для студентов экономических специальностей вузов.
Jezik:ruščina
Izdano: Москва, Дашков и К, 2009
Izdaja:3-е изд., доп. и перераб.
Teme:
Format: Knjiga
KOHA link:https://koha.lib.tpu.ru/cgi-bin/koha/opac-detail.pl?biblionumber=158600

MARC

LEADER 00000nam0a2200000 4500
001 158600
005 20231101222040.0
010 |a 9785394002052 
035 |a (RuTPU)RU\TPU\book\172008 
035 |a RU\TPU\book\134064 
090 |a 158600 
100 |a 20071024d2009 m y0rusy50 ca 
101 0 |a rus 
102 |a RU 
105 |a y j 001zy 
200 1 |a Экономическая география и регионалистика  |e учебное пособие  |f В. П. Желтиков 
205 |a 3-е изд., доп. и перераб. 
210 |a Москва  |c Дашков и К  |d 2009 
215 |a 384 с. 
320 |a Библиогр.: с. 380-382. 
330 |a В соответствии с Государственным образовательным стандартом учебное пособие содержит краткую характеристику теоретических вопросов, методов анализа экономической географии, политической карты, географии населения, природных ресурсов и хозяйства мира, размещения производительных сил России, экономики ее районов. Для студентов экономических специальностей вузов. 
606 |a Экономическая география  |2 stltpush  |3 (RuTPU)RU\TPU\subj\26570  |9 50467 
606 1 |a Регионоведение(экон.)  |x Экономика  |x Регионы  |x Россия  |2 stltpush  |3 (RuTPU)RU\TPU\subj\36847 
610 1 |a регионалистика 
610 1 |a учебные пособия 
610 1 |a общественное производство 
610 1 |a территориальная организация 
610 1 |a методы анализа 
610 1 |a политическая карта мира 
610 1 |a население 
610 1 |a мировые ресурсы 
610 1 |a сельское хозяйство 
610 1 |a промышленность 
610 1 |a транспорт 
610 1 |a страны 
610 1 |a Россия 
610 1 |a производительные силы 
610 1 |a экономика 
610 1 |a районы 
610 1 |a внешние экономические связи 
686 |a У04(2)я73  |v LBC/SL-A  |2 rubbk 
686 |a У9(2...)я73  |v LBC/SL-A  |2 rubbk 
700 1 |a Желтиков  |b В. П.  |g Валентин Павлович 
801 1 |a RU  |b 63413507  |c 20090427  |g PSBO 
801 2 |a RU  |b 63413507  |c 20220527  |g PSBO 
900 |a Экономическая география и регионалистика 
942 |c BK 
953 |l 8 
955 |a 521600  |b 080100 
959 |a 54/20090422  |d 2  |e 198,00  |f АНЛ:1  |f ЧЗГЛ:1